000 00642nam a2200193 i 4500
001 96914
003 ES-MaACL
005 20250805062606.0
007 t|
008 050704s1960 sp |||| | spa d
100 1 _aMannheim, Karl,
_d1893-1947
_976063
245 1 0 _aSociología sistemática
_b: introducción al estudio de la sociedad /
_cKarl Mannheim ; traducción de Luis Legaz Lacambra.
260 _aMadrid :
_bRevista de Derecho Privado,
_c1960.
300 _aX, 200 p. ;
_c22 cm.
650 7 _aSociología
_2embne
_917195
700 1 _aLegaz Lacambra, Luis.
_971264
852 _aES-MaACL
_jC-17540
999 _c96914
_d96914